[Event "American Open"]
[Site "?"]
[Date "2011.11.26"]
[Round "6"]
[White "Akobian, Varuzhan"]
[Black "Peters, Jack"]
[Result "1-0"]
[WhiteElo "2612"]
[BlackElo "2410"]
[Annotator "GM Akobian"]
[PlyCount "69"]

1. d4 Nf6 2. c4 e6 3. Nf3 b6 4. g3 Bb7 5. Bg2 Be7 6. O-O O-O 7. Nc3 Ne4 8. Bd2
f5 9. Qc2 Nxc3 10. Bxc3 d6 11. d5 e5 12. c5 $1 {Diagram [#]} Bxd5 (12... bxc5
13. Nxe5 dxe5 14. Qb3 Bd6 15. Qxb7 Nd7 16. e4 fxe4 17. Bxe4 $16) 13. cxd6 cxd6
(13... Bxd6 14. Nxe5 Bxg2 15. Qb3+ Kh8 16. Nf7+ Rxf7 17. Qxf7 Qg8 18. Qxg8+
Kxg8 19. Kxg2 $18) 14. Rad1 $1 Bxf3 15. Bxf3 e4 16. Bg2 Nd7 17. g4 $1 {Diagram
[#]} Rc8 18. gxf5 Rxf5 19. Qxe4 Rg5 20. f4 Rg6 21. Kh1 Kh8 22. Bh3 Rc5 23. Qf3
Nf6 24. e4 Qa8 25. Bf5 (25. e5 Qxf3+ 26. Rxf3 Ne4 27. Be1 Rh6 28. Bf5 d5 29.
Rfd3 $18) 25... Rh6 26. e5 Qxf3+ 27. Rxf3 Nd5 28. Bd4 Rc4 29. b3 Rc7 30. exd6
Bxd6 31. Be5 Bxe5 32. fxe5 Ne7 33. Rd8+ Ng8 34. Be4 Rg6 35. Bxg6 1-0

[Event "North American Open"]
[Site "?"]
[Date "2011.12.29"]
[Round "6"]
[White "Akobian, Varuzhan"]
[Black "Hunt, Adam"]
[Result "1-0"]
[WhiteElo "2612"]
[BlackElo "2470"]
[Annotator "GM Akobian"]
[PlyCount "77"]

1. d4 Nf6 2. c4 g6 3. Nc3 d5 4. Bg5 Ne4 5. Bh4 Nxc3 6. bxc3 dxc4 7. e3 Be6 8.
Rb1 (8. Nf3 Bg7 (8... c5) 9. Qb1 b6 (9... Qd5 10. Be2 Bf5 11. Qb4 (11. Qb2 Bd3
(11... Nd7 12. Qb4 (12. O-O) 12... c5 13. Qxc4 Qxc4 14. Bxc4) 12. Bxd3 cxd3 13.
O-O Qe4 (13... Nd7 14. Rad1 (14. e4 Qc6 15. e5 Qa6 16. Rfe1 e6 17. Nd2) 14...
e5 15. e4 (15. c4 Qxc4 16. Rc1 Qa4 17. Rxc7 O-O 18. Qb3 Qxb3 19. axb3 Nb6 20.
dxe5 Rab8 21. Rc3 Nd7 22. Rxd3 Nxe5 23. Nxe5 Bxe5 24. Rfd1) 15... Qxe4 16. Rfe1
Qd5 17. Nxe5 Nxe5 18. Qb4 c5 19. Qb5+ Qc6 20. Qxc6+ bxc6 21. dxe5 c4 22. Re4
O-O 23. Rxc4 Bxe5 24. Rxd3 $11) 14. Nd2 Qc6 15. Qb1 Qa6 16. c4 Nd7 17. Qxd3 $14
) 11... c5 12. Bxc4 (12. Qxc4 Qxc4 13. Bxc4 Nc6 14. O-O Rc8 15. Rac1 Na5 16.
Bb5+ Bd7) (12. Qa4+ Bd7 13. Qxc4 Qxc4 14. Bxc4) (12. Qb5+ Bd7 (12... Qc6 13.
Qxc4 cxd4 14. cxd4 Qxc4 15. Bxc4 Nc6 16. Ke2 e5 17. d5 Na5 18. Rac1 Bd7 19. Bd3
)) 12... Qxf3 (12... Qxd4 13. Nxd4 cxb4 14. Rc1) 13. Qa4+ Bd7 14. Qxd7+ Nxd7
15. gxf3 Rc8 16. Bd5 cxd4 17. cxd4 e5 18. dxe5 Bxe5 19. Rd1 Rc7 20. O-O O-O)
10. Ng5 Bd5 11. e4 h6 12. Nh3 Be6 (12... Bb7 13. Bxc4 O-O 14. Qc2 c5 (14... Nc6
15. O-O) (14... g5 15. Bg3 e5 16. Bxe5 Bxe5 17. dxe5 Qe7 18. f4 Nd7 19. Bb3 (
19. g3) 19... gxf4 20. O-O) 15. d5 Ba6 16. Bxa6 Nxa6 17. O-O g5 18. Bg3 f5 19.
f4) 13. Nf4) 8... b6 (8... Nd7 9. Rxb7 (9. Qa4 Bd5) (9. Nf3 Nb6 10. Qc2 Bg7 11.
Be2) 9... Bd5 (9... Nb6 10. Bg3 c5 11. Rc7 Rc8 12. Rxa7 (12. Rxc5 Rxc5 13. dxc5
Qxd1+ 14. Kxd1 Na4 15. Ne2 Bh6 (15... Nxc5 16. Nf4) 16. Nd4 Bd5) (12. Rxc8 Qxc8
13. Nf3 Bg7 14. Be2 O-O 15. O-O $11) 12... Bg7 13. Nf3 cxd4 14. Nxd4 Nd5 15.
Be2 Qb6 16. Qa4+ Kf8 17. Kd2)) 9. Nf3 Bg7 10. Be2 (10. Nd2 O-O 11. Be2 c5 12.
Bf3 Bd5 13. Bxe7 Bxf3 14. Qxf3 Qxe7 15. Qxa8 cxd4 16. cxd4 c3 17. Nb3 c2 18.
Rc1 Qb4+ 19. Nd2 Qc3 20. Qd5 Rc8 21. Qb3 Bf8 22. Qxc3 Rxc3 23. Nf3 Ba3 24. Kd2
Bxc1+ 25. Kxc3 $18) 10... O-O 11. O-O c6 12. e4 b5 13. Qc1 Bg4 14. h3 Bxf3 15.
Bxf3 Qc7 16. e5 a6 17. e6 $1 fxe6 18. Qe3 e5 19. d5 Kh8 20. Rfd1 $1 cxd5 (20...
Bf6 21. Bg3 Nd7 22. dxc6 Nb6 23. Rd2 Rad8 24. Rxd8 Rxd8 25. Re1 $14) 21. Rxd5
Qa7 22. Rbd1 (22. Rxe5 Qxe3 23. Rxe3 Ra7 24. Bxe7 Re8 25. Bc5 Rxe3 26. Bxe3 Rc7
27. a4 Nd7 28. axb5 axb5 29. Bd2 $14) 22... Nc6 (22... Qxe3 23. fxe3 Ra7 24.
Rd8 $16) 23. Qc5 Rac8 (23... e6 $1 24. Qxa7 Rxa7 25. Rd6 Ne7 26. Bxe7 Rxe7 27.
Be4 $11) 24. Qxa7 Nxa7 25. Bxe7 Rfe8 26. Bc5 Nc6 27. Bg4 Rc7 (27... e4 28. Bxc8
Rxc8 $14) 28. Rd7 $1 Rcc8 29. R7d6 e4 30. Bxc8 Rxc8 31. Rxc6 Rxc6 32. Rd8+ Bf8
33. Bxf8 Kg8 34. Bb4+ Kf7 35. Rd6 Rxd6 36. Bxd6 Ke6 37. Bb4 Kd5 38. Kf1 Ke5 39.
Ke2 1-0

[Event "Gibraltar Open"]
[Site "?"]
[Date "2012.01.31"]
[Round "8"]
[White "Akobian, Varuzhan"]
[Black "El Debs, Felipe de Cresce"]
[Result "1-0"]
[WhiteElo "2617"]
[BlackElo "2497"]
[Annotator "GM Akobian"]
[PlyCount "89"]

1. d4 d5 2. c4 c6 3. Nc3 Nf6 4. Nf3 dxc4 5. a4 e6 6. e4 Bb4 7. Bxc4 Nxe4 8. O-O
Nf6 9. Qe2 O-O 10. Rd1 Nd5 11. Rd3 Nd7 12. Bg5 f6 13. Bd2 Re8 14. Re1 Nf8 15.
h4 (15. Nxd5 cxd5 16. Bxb4 dxc4 17. Rc3 Ng6 $15) 15... Bd7 16. h5 Bd6 $2 (16...
h6 $142 17. Qd1 (17. Nh4 Bxc3 18. bxc3 e5 19. dxe5 Rxe5 20. Re3 $11) 17... a5
18. Nh4 Kh8 19. Ng6+ Nxg6 20. hxg6 Bf8 21. Ne4 $13) 17. Ne4 Nf4 18. Bxf4 Bxf4
19. g3 $1 Bc7 (19... Bh6 20. Nd6 Re7 21. Nh4 g6 22. Nxb7 Qc7 23. Nc5 $16) 20.
h6 g6 21. Qd2 f5 $2 (21... Kh8 22. Nc5 Bc8 23. Rde3 $11) 22. Qc3 (22. d5 $3
fxe4 23. dxe6 Rxe6 24. Rxe4 $18) 22... Ba5 (22... fxe4 23. d5 Qe7 24. dxe6 Bxe6
25. Rxe4 $18) 23. b4 $1 Bxb4 24. Qxb4 fxe4 25. Rxe4 Re7 26. Qxb7 Qb8 27. Rb3
Qxb7 28. Rxb7 Kf7 29. Ne5+ Ke8 30. Rf4 a5 31. Rb3 g5 32. Rg4 c5 33. dxc5 (33.
Rxg5 $142 cxd4 34. Rf3 Bxa4 35. Rg8 $18) 33... Bxa4 34. Ra3 Nd7 35. Rxg5 Nxe5
36. Rg8+ Kf7 37. Rxa8 Bc6 38. Rh8 $1 Nxc4 39. Rxh7+ Kg8 40. Rxe7 Nxa3 41. Rxe6
Bd5 42. Rd6 Be4 43. c6 Nb5 44. Rd8+ Kh7 45. c7 1-0

[Event "Philadelphia Open"]
[Site "?"]
[Date "2012.04.07"]
[Round "6"]
[White "Akobian, Varuzhan"]
[Black "Panchanathan, Magesh Chandran"]
[Result "1-0"]
[WhiteElo "2621"]
[BlackElo "2556"]
[Annotator "GM Akobian"]
[PlyCount "81"]

1. d4 Nf6 2. c4 e6 3. Nf3 b6 4. g3 Bb7 5. Bg2 Be7 6. O-O O-O 7. Nc3 Ne4 8. Bd2
f5 9. Qc2 Bf6 10. Rad1 Nxc3 11. Bxc3 Be4 12. Qb3 d6 13. Ne1 Bxg2 14. Nxg2 Qe8
15. Rfe1 Qf7 16. Qa4 Qd7 (16... Nd7 17. Qc6 Rac8 18. Nf4 $14) 17. Qc2 d5 18.
Nf4 a5 19. cxd5 exd5 20. Rc1 Nc6 21. Bd2 $1 Nxd4 22. Qxc7 Qxc7 (22... Qb5 23.
a4 Qxa4 24. Nxd5 Qb5 25. Qc4 Qxc4 26. Rxc4 Nb3 27. Bc3 $14) 23. Rxc7 Be5 24.
Rb7 (24. Rd7 Rad8 25. Rxd5 Bxf4 26. Rxd8 Rxd8 27. Bxf4 Ne6 28. Be3 b5 29. Rc1
$16) 24... Bxf4 25. Bxf4 Rae8 26. Be3 $1 (26. Kf1 Rf6 27. Rd7 Rfe6 $14) 26...
Re4 (26... Nc2 27. Rc1 Nxe3 28. Rcc7 Rf6 29. Rxg7+ Kf8 30. Rxh7 Kg8 31. fxe3
Rxe3 32. Kf2 Rfe6 33. Rhd7 Rxe2+ 34. Kf3 R6e3+ 35. Kf4 $16) 27. Bxd4 Rxd4 28.
e3 Rc4 29. Rd1 Rd8 (29... d4 30. b3 Rb4 31. Rxd4 Rxd4 32. exd4 $16) 30. Rxb6 d4
31. Rd3 Rd5 32. Kg2 h6 (32... dxe3 33. Rxd5 e2 34. Rb8+ Kf7 35. Rxf5+ Ke6 36.
Rxa5 $18) 33. Rxd4 Rdxd4 34. exd4 Rxd4 35. Rb5 Ra4 36. a3 g6 37. Kf3 Kf7 38.
Ke3 Kf6 (38... Re4+ 39. Kd3 a4 40. Rb4 $18) 39. Kd3 Kg5 40. f3 Kf6 41. Rc5 1-0

[Event "ch-USA 2012"]
[Site "Saint Louis USA"]
[Date "2012.05.08"]
[Round "1"]
[White "Akobian, Varuzhan"]
[Black "Seirawan, Yasser"]
[Result "1-0"]
[WhiteElo "2625"]
[BlackElo "2643"]
[Annotator "GM Akobian"]
[PlyCount "111"]

1. d4 Nf6 2. c4 e6 3. Nf3 d5 4. Nc3 Nbd7 5. Bf4 dxc4 6. e3 Nd5 7. Bxc4 Nxf4 8.
exf4 Bd6 9. g3 O-O 10. O-O b6 11. Re1 Bb7 12. d5 exd5 13. Bxd5 Bxd5 14. Qxd5
Nf6 15. Qc6 Qd7 16. Qxd7 Nxd7 17. Nb5 Nf6 18. Rac1 Rfc8 19. Rc6 Kf8 20. Rec1
Rd8 21. Nxc7 Rab8 (21... Bxc7 22. Rxc7) 22. a3 a5 23. Kg2 Ne4 24. R1c4 Nc5 25.
b4 (25. Nd5 $1 Nd3 26. Rd4 Nxb2 27. Nxb6 $18) 25... axb4 26. axb4 Bxc7 27. Rxc7
Ne6 28. Ra7 Ra8 29. Rxa8 Rxa8 30. Rc6 (30. f5 Nd8 31. Ne5 $16) 30... Rb8 31.
Ng5 Nd8 32. Rc7 h6 33. Nf3 Rb7 34. Rc8 Ke7 35. Ne5 Ne6 36. b5 Nc7 37. Nc6+ Kd6
38. Rd8+ Kc5 39. Rd7 Kxb5 40. Nd8 Ra7 (40... Rb8 41. Nxf7 Ne8 42. Ne5) 41. Rxf7
g6 42. g4 Ra8 43. Rxc7 Rxd8 44. Rh7 h5 45. f5 hxg4 (45... gxf5 46. Rxh5 Kc4 47.
Rxf5 b5 48. h4 b4 49. Re5 $16) 46. fxg6 Rg8 47. Rh6 (47. Rh5+ Kc6 48. Rg5 Kd6
49. Kg3 Ke6 50. Kxg4 $18) 47... Kc4 48. Kg3 b5 49. Kxg4 b4 50. Kg5 b3 51. Rh4+
Kc5 52. Re4 b2 53. Re1 Rb8 54. Rb1 Kd6 55. g7 Ke7 56. Rxb2 1-0

[Event "ch-USA 2012"]
[Site "Saint Louis USA"]
[Date "2012.05.15"]
[Round "7"]
[White "Hess, Robert L"]
[Black "Akobian, Varuzhan"]
[Result "0-1"]
[WhiteElo "2635"]
[BlackElo "2625"]
[Annotator "GM Akobian"]
[PlyCount "134"]
[EventDate "2012.??.??"]

1. e4 c6 2. d4 d5 3. e5 Bf5 4. Nf3 e6 5. Nbd2 Nd7 6. Nb3 Ne7 7. c3 Bg4 8. h3
Bh5 9. Be3 Nf5 10. Bd3 Nxe3 (10... Nh4 11. g4 Ng2+ 12. Kd2 Bg6 $15) 11. fxe3 f6
12. exf6 gxf6 13. g4 Bf7 14. Qe2 Qc7 (14... a5 $1 15. O-O-O a4 16. Nbd2 a3 $15)
15. O-O-O O-O-O 16. Kb1 a5 $1 17. Qc2 e5 (17... a4 $142 18. Nbd2 a3 19. b3 Bh6
$15) 18. dxe5 fxe5 $6 (18... Nxe5 19. Nxe5 fxe5 20. Bxh7 a4 21. Nd2 a3 22. Bf5+
Kb8 $44) 19. Bxh7 a4 20. Nbd2 Be7 $1 21. h4 a3 22. Ng5 Bg8 23. Bxg8 Rdxg8 24.
Ndf3 (24. c4 axb2 25. cxd5 cxd5 26. Qxb2 Kb8 $11) 24... e4 $15 25. Nd4 Ne5 26.
Nf5 Bxg5 $6 (26... axb2 $1 27. Qa4 Kb8 28. Qd4 Nxg4 29. Ne6 Qd7 30. Nxe7 Qxe7
$17) 27. hxg5 Rxh1 28. Rxh1 axb2 29. Qxb2 $6 (29. g6 Nxg6 30. c4 $11) 29... Kb8
30. Rh6 Nc4 31. Qh2 (31. Qb4 c5 32. Qa4 Qe5 33. Kc2 Rg6 $3 34. Qxc4 dxc4 35.
Rxg6 Qh2+ $19) 31... Qxh2 32. Rxh2 Rxg5 33. Rh4 Ne5 34. Nh6 Rg6 35. Kc2 Ka7 36.
Kb3 Kb6 37. Kb4 c5+ 38. Kb3 Ka5 39. Rh5 Rb6+ 40. Kc2 Nc4 41. Nf5 Rb2+ 42. Kd1
Rxa2 43. Ke1 Rg2 44. Rg5 Ne5 45. Rg7 b5 46. Ne7 Rxg4 47. Rxg4 Nxg4 48. Nxd5 Ka4
49. Nb6+ Kb3 50. Nd7 Kxc3 51. Nxc5 Nf6 52. Ke2 b4 53. Kd1 Kc4 54. Na4 Kd3 55.
Nc5+ Kxe3 56. Kc2 Nd5 57. Kb3 Kf3 58. Kc4 e3 59. Nd3 e2 60. Ne1+ Kf2 61. Nd3+
Ke3 62. Ne1 Nf4 63. Nc2+ Kd2 64. Nd4 Nd3 65. Nf3+ Kc2 66. Nd4+ Kd1 67. Nf3 Ne5+
0-1

[Event "ch-USA 2012"]
[Site "Saint Louis USA"]
[Date "2012.05.16"]
[Round "8"]
[White "Akobian, Varuzhan"]
[Black "Ramirez, Alejandro"]
[Result "1-0"]
[WhiteElo "2625"]
[BlackElo "2594"]
[Annotator "GM Akobian"]
[PlyCount "101"]
[EventDate "2012.??.??"]

1. d4 Nf6 2. Nf3 c5 3. d5 b5 4. Bg5 Ne4 5. Bh4 Bb7 6. a4 Qa5+ 7. Nbd2 bxa4 (
7... Bxd5 8. axb5 $16) 8. c3 f5 (8... Nxd2 9. Qxd2 d6 10. e4 $16) 9. Rxa4 Qb6
10. Nc4 (10. Nxe4 fxe4 11. Rxe4 Qxb2 12. Re3 a5 13. Ne5 Qa2 $14) 10... Qh6 11.
e3 (11. Ne3 $142 e6 12. g4 $16) 11... g5 12. Bg3 Nxg3 13. fxg3 Bg7 (13... g4
14. Nh4 e6 15. dxe6 dxe6 16. Qb3 Bc8 17. Rxa7 Rxa7 18. Qxb8 Ra1+ 19. Kf2 $16)
14. Na5 $1 Bc8 15. g4 fxg4 16. Rxg4 O-O 17. Bd3 Kh8 (17... d6 18. Rxg5 Kh8 19.
h4 (19. O-O Rxf3 20. Qxf3 Qxg5 21. Qe4 Qh6 22. Qxe7 Nd7 23. Nc4 $16) 19... Bf6
20. Kd2 $16) 18. O-O d6 19. Nxg5 Bf6 (19... Bxg4 20. Rxf8+ Bxf8 21. Qxg4 Qg7
22. Bxh7 $18) 20. Rg3 (20. Ne6 $1 Bxe6 21. dxe6 Qxe3+ 22. Kh1 Qxe6 23. Bxh7
Kxh7 24. Qd3+ $18) 20... Bxg5 21. Rxf8+ Qxf8 22. Rxg5 Nd7 23. Bxh7 (23. Qh5 Nf6
24. Qh4 $18) 23... Qh6 24. Rg3 Nf6 25. Bc2 Bg4 26. Qe1 Rg8 27. h3 Bxh3 28.
Rxg8+ Kxg8 29. gxh3 Qxh3 30. Bd1 (30. Qf2 $142 Ng4 31. Qf4 Nxe3 32. Be4 $18)
30... Ng4 31. Bxg4 Qxg4+ 32. Kh2 Qh5+ 33. Kg1 Qg5+ 34. Kf2 Qxd5 35. Ke2 Qh5+ (
35... Qa2 36. Qg3+ Kf7 37. Qf4+ Ke8 38. Nc4 d5 39. Qb8+ Kf7 40. Ne5+ $18) 36.
Kd2 c4 37. b4 cxb3 38. Nxb3 Qd5+ 39. Kc2 Qe4+ 40. Kb2 Kf7 41. Qd2 Qc4 42. Qd4
Qe2+ 43. Nd2 Ke8 44. Kc2 Qa6 45. Qc4 Qb6 46. e4 Kd8 47. Nb3 Qf2+ 48. Kb1 Qb6
49. Ka2 Kd7 50. Nd4 a6 51. Qa4+ 1-0

[Event "ch-USA 2012"]
[Site "Saint Louis USA"]
[Date "2012.05.19"]
[Round "11"]
[White "Kaidanov, Gregory S"]
[Black "Akobian, Varuzhan"]
[Result "0-1"]
[WhiteElo "2594"]
[BlackElo "2625"]
[Annotator "GM Akobian"]
[PlyCount "66"]
[EventDate "2012.??.??"]

1. d4 Nf6 2. c4 e6 3. Nc3 Bb4 4. e3 O-O 5. Bd3 d5 6. Nf3 c5 7. O-O dxc4 8. Bxc4
Nbd7 9. a3 Bxc3 10. bxc3 b6 11. Re1 Bb7 12. Bd3 Ne4 13. Bb2 f5 14. c4 Qe7 15.
a4 a5 16. Rb1 (16. Nd2 Nxd2 17. Qxd2 Qg5 18. f4 Qg6 19. d5 exd5 20. cxd5 Bxd5
21. Bb5 Bc6 22. Rad1 Bxb5 23. axb5 Nf6 $15) 16... Rad8 17. Ba1 Rf6 18. d5 (18.
Bf1 Rg6 19. g3 Rc8 $11) 18... Rg6 19. Bxe4 fxe4 20. d6 Rxg2+ 21. Kxg2 (21. Kh1
Qf7 22. Kxg2 exf3+ 23. Kh1 Be4 24. Rg1 e5 25. Rc1 Qe6 $15) 21... exf3+ 22. Kh1
Qh4 23. Rg1 e5 24. Qd2 Be4 25. Rbc1 Re8 26. Rg3 Re6 27. Rcg1 $4 (27. h3 Rg6 28.
Kh2 Rxg3 29. fxg3 Qf6 $15) 27... Rh6 $1 28. Rxg7+ Kf8 29. Rg8+ Kf7 30. R1g7+
Kf6 31. Kg1 Qxh2+ 32. Kf1 Rg6 33. Rxg6+ hxg6 0-1

[Event "US Championship"]
[Site "?"]
[Date "2013.05.12"]
[Round "9"]
[White "Akobian, Varuzhan"]
[Black "Kaidanov, Gregory S"]
[Result "1-0"]
[WhiteElo "2616"]
[BlackElo "2593"]
[Annotator "GM Akobian"]
[PlyCount "87"]

1. d4 d5 2. c4 dxc4 3. Nf3 a6 4. e3 Nf6 5. Bxc4 e6 6. O-O Nbd7 7. Qe2 b5 8. Bd3
c5 9. a4 b4 10. Nbd2 Bb7 11. a5 Be7 12. Nb3 cxd4 13. exd4 O-O 14. Bf4 Nh5 15.
Bd2 Ndf6 16. Rfc1 Nd5 17. Qe5 Ndf6 18. Qc7 Bd5 19. Qxd8 Rfxd8 20. Bc4 Bb7 21.
Ne5 g6 22. Bg5 Rdc8 23. Be2 (23. Bf1 $18) 23... Nd5 24. Bxe7 Nxe7 25. Rxc8+
Bxc8 26. Nc5 Nf4 27. Bf1 f6 28. Nc4 Nc6 29. Nb6 Rb8 30. Nxc8 (30. g3 Nd5 31.
Nxc8 Rxc8 32. Nxe6 Kf7 33. Bxa6 $18) 30... Rxc8 31. Bxa6 Ra8 32. Ra4 Ra7 33. g3
Nd5 34. Bb7 Nxa5 35. Bc8 Nc7 36. Nxe6 Kf7 37. Nxc7 Rxc7 38. Ba6 Rc1+ 39. Kg2
Nc6 40. d5 Ne7 41. Rxb4 Nf5 (41... Nxd5 42. Bc4 Ke6 43. Bb3 Rc5 44. Rd4 Ke5 45.
Rxd5+ Rxd5 46. Bxd5 Kxd5) 42. Rb7+ Kg8 43. Bd3 Nd6 44. Rb6 1-0

[Event "National Open"]
[Site "?"]
[Date "2013.06.09"]
[Round "5"]
[White "Akobian, Varuzhan"]
[Black "De Firmian, Nick E"]
[Result "1-0"]
[WhiteElo "2609"]
[BlackElo "2530"]
[Annotator "GM Akobian"]
[PlyCount "99"]

1. d4 Nf6 2. c4 e6 3. Nf3 c5 4. d5 exd5 5. cxd5 d6 6. Nc3 g6 7. Bf4 a6 8. a4
Bg7 9. e3 O-O 10. Be2 Qe7 11. Nd2 Nbd7 12. O-O Ne5 13. h3 Ne8 14. Bg3 f5 15.
Qc2 Nf6 16. Bh4 Qc7 17. a5 Bd7 18. Qb3 Be8 19. f4 Nf7 20. Nc4 Bd7 21. Bf3 Rae8
22. Rae1 h6 23. Bg3 Ne4 24. Nxe4 fxe4 25. Bg4 h5 26. Bxd7 Qxd7 27. f5 $6 (27.
Bh4 Nh6 28. Bg5 Nf5 29. Rb1 h4 30. Qc2 Qf7 31. Rfd1 $14) 27... gxf5 28. Qd1 $6
(28. Nb6 Qb5 29. Qxb5 axb5 30. Nd7 Ne5 31. Nxf8 Rxf8 $13) 28... h4 29. Bxh4 (
29. Bf4 Ne5 30. Nxe5 Bxe5 31. Qh5 $13) 29... Ne5 30. b3 $6 (30. Nxe5 Bxe5 $15)
30... Nd3 31. Bg3 (31. Re2 f4 $17) 31... Nxe1 32. Rxe1 Rf6 33. Rf1 Bf8 $6 (
33... Ref8 $17) 34. Bh4 Rg6 35. Qh5 Qg7 36. Rf2 Be7 37. Bxe7 Rxe7 38. Qxf5 Rg5
39. Qc8+ Kh7 40. Nxd6 Rxd5 (40... Qa1+ 41. Rf1 Rxg2+ 42. Kxg2 Rg7+ 43. Qg4 Qb2+
44. Rf2 Rxg4+ 45. hxg4 Qxb3 46. Nxe4 Qxd5 47. Kf3) 41. Nf5 Rd1+ 42. Kh2 Qe5+
43. Ng3 Rg7 44. Rf4 Qg5 45. Rg4 Qf6 $2 (45... Rd8 46. Qe6 Qe7 47. Rxg7+ Qxg7
48. Nxe4 $14) 46. Nxe4 Qe5+ 47. Rf4 Re1 48. Nf6+ Kh6 49. Qh8+ Kg6 50. Ng4 1-0

[Event "National Open"]
[Site "?"]
[Date "2013.06.09"]
[Round "6"]
[White "Mikhalevski, Victor"]
[Black "Akobian, Varuzhan"]
[Result "0-1"]
[WhiteElo "2550"]
[BlackElo "2609"]
[Annotator "GM Akobian"]
[PlyCount "62"]

1. Nf3 d5 2. g3 c6 3. Bg2 Bg4 4. O-O Nd7 5. d3 Ngf6 6. Qe1 e5 7. e4 dxe4 8.
dxe4 Qc7 9. Nbd2 Bc5 10. Nh4 O-O 11. Nc4 Rfe8 12. a4 a5 13. h3 Be6 14. Qe2 b5
15. Ne3 Qb6 16. axb5 cxb5 17. Nd5 Bxd5 18. exd5 g6 19. Be3 Bxe3 20. Qxe3 Qxe3
21. fxe3 e4 22. Rfd1 b4 23. g4 Re5 24. Rd4 Nb6 $1 25. d6 Rc8 26. Rf1 Kg7 27.
Rf2 h5 28. Rxf6 Kxf6 29. Bxe4 hxg4 30. hxg4 Rd8 31. Nf3 Re6 $1 0-1

[Event "Castle Grand Prix"]
[Site "?"]
[Date "2013.09.17"]
[Round "3"]
[White "Akobian, Varuzhan"]
[Black "Zapata, Alonso"]
[Result "1-0"]
[WhiteElo "2610"]
[BlackElo "2530"]
[Annotator "GM Akobian"]
[PlyCount "75"]

1. d4 Nf6 2. c4 g6 3. f3 d6 4. e4 e5 5. d5 Nh5 6. Be3 Be7 7. Qd2 f5 8. exf5
gxf5 9. g3 O-O 10. Nc3 Na6 11. Bh6 Ng7 12. O-O-O Bd7 13. Nh3 Nc5 14. Nf2 Na4
15. Nxa4 Bxa4 16. Re1 Rf6 17. Be3 c5 18. f4 Rg6 19. g4 $1 exf4 20. Bxf4 Bd7 21.
Bd3 Bh4 22. Kb1 Qf8 23. Bg3 Bg5 24. Qc2 fxg4 25. Rhf1 Qd8 26. Bxg6 hxg6 27. Qd1
b5 28. Nxg4 bxc4 29. h4 Bf5+ 30. Ka1 Bf6 31. Nxf6+ Qxf6 32. Qc1 Nh5 33. Bh2
Qxh4 34. Bxd6 Bd3 35. Rh1 Qd4 36. Be5 Qxd5 37. Qh6 Kf7 38. Bc3 1-0

[Event "World Open"]
[Site "?"]
[Date "2013.07.05"]
[Round "5"]
[White "Robson, Ray"]
[Black "Akobian, Varuzhan"]
[Result "0-1"]
[WhiteElo "2628"]
[BlackElo "2612"]
[Annotator "GM Akobian"]
[PlyCount "112"]

1. e4 c6 2. d4 d5 3. e5 Bf5 4. Nf3 e6 5. Be2 Nd7 6. O-O Ne7 7. Nbd2 Nc8 8. b3
a5 9. c4 a4 (9... Be7 10. Bb2 O-O 11. a3 (11. a4 Ncb6 $11)) 10. bxa4 Be7 (10...
Ncb6 11. Qb3 dxc4 12. Nxc4 Nxc4 13. Bxc4 Nb6 14. Bd2 Rxa4 $15) 11. Qb3 Ra7 12.
cxd5 exd5 13. Bd3 Bxd3 14. Qxd3 Rxa4 15. Re1 Nf8 16. Nf1 Ne6 17. Ng3 Qa5 18.
Bd2 Qa6 19. Qxa6 Rxa6 20. Reb1 (20. a4) 20... b5 21. a4 bxa4 22. Nf5 O-O 23.
Rb8 g6 24. Nh6+ (24. Rxc8 gxf5) 24... Kg7 25. Ng4 Rd8 26. Bh6+ Kg8 27. h4 a3
28. Rb7 Rb6 29. Rxe7 Nxe7 30. Rxa3 Rb7 31. Ra6 Nf5 32. Rxc6 Nexd4 (32... Nxh6
33. Nxh6+ Kg7 34. Ng4 h5 35. Ne3 (35. Nf6 Rb4) 35... Rb1+ 36. Kh2 Rb4 37. Nc2
Rc4 38. Rxc4 dxc4 $19) 33. Nxd4 Nxd4 34. Rd6 Ne6 35. Nf6+ Kh8 36. Rxd8+ Nxd8
37. Nxd5 Rb5 38. Nf6 Rxe5 39. g4 Ne6 40. Kg2 Rb5 41. f4 (41. Bd2 Kg7 42. Bc3
Rb3 43. Nd5+ (43. Be5 Nf4+ 44. Kg1 Nd3 45. Bd4 Rb4 46. Bc3 Rc4 $19) 43... Kf8
$19) 41... Nc7 42. h5 Rb6 43. g5 (43. Bg5 h6 44. Bh4 Ne6) 43... Ne6 44. Kf3 Rb4
45. Ne4 Nd4+ 46. Kg4 Nf5 47. hxg6 hxg6 48. Ng3 (48. Kf3 Nh4+ (48... Nxh6 49.
gxh6 Rb3+ 50. Kf2 Rb6 $19) 49. Ke3 f5 50. Nf6 Ng2+) 48... Nxh6+ 49. gxh6 f6 50.
Kf3 Kh7 51. Ne4 Rb6 52. f5 gxf5 53. Ng3 Rb3+ 54. Kf4 Rxg3 55. Kxg3 Kxh6 56. Kf3
Kg5 0-1

[Event "USCL Week 4"]
[Site "?"]
[Date "2013.09.19"]
[Round "?"]
[White "Kekelidze, Mikheil"]
[Black "Akobian, Varuzhan"]
[Result "0-1"]
[WhiteElo "2520"]
[BlackElo "2625"]
[Annotator "GM Akobian"]
[PlyCount "54"]

1. d4 Nf6 2. c4 e6 3. Nc3 Bb4 4. g3 O-O 5. Bg2 d5 6. Nf3 c6 7. O-O Nbd7 8. Nd2
(8. Qd3 b6 9. a3 Bxc3 10. Qxc3 Ba6 11. b3 Rc8 12. Bb2 c5 $11) 8... Re8 (8... c5
9. dxc5 Nxc5 10. cxd5 exd5) (8... e5 9. dxe5 Nxe5 10. cxd5 Bxc3 11. bxc3 Nxd5)
9. e4 e5 $1 10. exd5 (10. dxe5 d4 $1 11. exf6 dxc3 12. Nb3 (12. Nb1 cxb2 13.
Bxb2 Nxf6) 12... Qxf6 13. Rb1 Nb6 14. bxc3 Qxc3 $15) 10... exd4 11. Nce4 cxd5
12. cxd5 b6 $1 13. Qa4 $6 (13. d6 Rb8 14. Qa4 a5 15. a3 Bxd2 16. Nxf6+ Qxf6 17.
Bxd2 Rf8 $13) 13... a5 $1 14. Nxf6+ $6 (14. a3 Bb7 $1 15. axb4 axb4 16. Qxb4
Rxa1 17. Nb3 Ra8 $15) 14... Nxf6 15. Nf3 (15. a3 Bb7 16. Nb3 Bc5 17. Bg5 Bxd5
18. Bxd5 Qxd5 19. Bxf6 gxf6 $17) (15. Nb3 Bd7) 15... Ba6 16. Rd1 d3 17. a3 (17.
Bg5 h6 $19) (17. Nd4 Bc4 (17... Re1+ 18. Rxe1 Bxe1 19. Be3 d2 20. Nf3) (17...
Re2) (17... Ne4 18. Nc6 Qf6) (17... Ng4 18. Bf4 (18. h3 Nxf2 19. Kxf2 Qf6+ 20.
Nf3 Re2+ (20... Bc5+ 21. Kf1 d2+ 22. Qc4 Bxc4#)) 18... Qf6) 18. Nc6 (18. Bg5)
18... Qd7) 17... Bc5 $19 18. Ne1 Qe7 $1 19. Bg5 (19. Bf3 Qxe1+ 20. Rxe1 Rxe1+
21. Kg2 d2 22. Bxd2 Bf1+ 23. Kg1 Rxa1) 19... Qe2 (19... Bxf2+ 20. Kxf2 (20. Kh1
Bxe1 21. Rxe1 Qxe1+ 22. Rxe1 Rxe1+ 23. Bf1 Rxf1+ 24. Kg2) 20... Qc5+) 20. Rd2 (
20. Qf4 Ng4 21. Rd2 Nxf2 22. Rxe2 Rxe2 23. Qa4 Nd1+ 24. Kh1 Rxe1+ 25. Bf1 Rxf1+
26. Kg2 Ne3+ 27. Bxe3 Rxa1 28. Bxc5 d2 $19) 20... Bxf2+ 21. Kh1 Qh5 $1 (21...
Qxe1+ 22. Rxe1 Rxe1+ 23. Bf1 Ne4 24. Kg2 Bc5 $19) 22. Bxf6 (22. Rxf2 Ng4 23.
Kg1 Qxh2+ 24. Kf1 d2+ 25. Nd3 Bxd3+ 26. Re2 Bxe2#) 22... Bxe1 23. g4 Qh6 24.
Rdd1 Bg3 25. h3 Qxf6 26. Rf1 Qd6 (26... d2 27. Rxf6 Re1+ $19) 27. Rf5 d2 0-1

[Event "World Team"]
[Site "?"]
[Date "2013.12.03"]
[Round "7"]
[White "Baramidze, David"]
[Black "Akobian, Varuzhan"]
[Result "0-1"]
[WhiteElo "2614"]
[BlackElo "2625"]
[Annotator "GM Akobian"]
[PlyCount "94"]

1. e4 e5 2. Nf3 Nf6 3. Nxe5 d6 4. Nf3 Nxe4 5. Nc3 Nxc3 6. dxc3 Be7 7. Bf4 O-O
8. Qd2 b6 9. O-O-O Bb7 10. h4 Nd7 11. Nd4 Nc5 12. Re1 Bf6 13. Bb5 a6 14. Nc6
Qd7 (14... Qc8 $1 15. Bg5 axb5 (15... Qf5 16. Bxf6 Qxf6 17. Ne7+ Kh8 18. Bc6
Bxc6 19. Nxc6 Rfe8 $11) (15... Re8 16. Bxf6 gxf6 17. Ne7+ Rxe7 18. Rxe7 axb5
19. Qf4 Ne4 20. f3 Rxa2 21. fxe4 Ra1+ 22. Kd2 Rxh1 23. Qxf6 Qf8 24. Qg5+ Kh8
25. Qf6+ Kg8 $11) 16. Bxf6 Qg4 17. Ne7+ Kh8 18. Qg5 (18. f3 Rxa2 19. b3 Nxb3+
20. cxb3 Rxd2 21. fxg4 Rxg2 $17) 18... Qxg5+ 19. hxg5 Bxg2 20. Rh2 Be4 21. Bd4
Rfe8 22. Bxc5 Rxe7 23. Bxd6 cxd6 24. f3 Rxa2 25. Rxe4 Rxe4 26. fxe4 Ra1+ 27.
Kd2 Rg1 28. Rf2 Rxg5 29. Rxf7 h5 $15) 15. Ne7+ Qxe7 16. Rxe7 axb5 17. Rhe1 $1 (
17. Rxc7 Rxa2 18. b4 Ne4 19. Qe1 Ra1+ 20. Kb2 Rxe1 21. Rxe1 Nxc3 22. Rxc3 Bxc3+
23. Kxc3 Bxg2 $11) 17... Bxe7 18. Rxe7 Rxa2 19. Qe3 Ra1+ (19... Ne6 $142 20. f3
Bd5 21. Bg3 h6 $11) 20. Kd2 Bxg2 $2 (20... Ne6 21. b3 Bd5 22. Qg3 Rg1 23. f3
Nxf4 24. Qxf4 Rxg2+ 25. Kc1 c6 $11) 21. h5 (21. b4 $1 Ne6 22. Bh6 gxh6 23. Qg3+
Kh8 24. Qxg2 $18) 21... Rh1 $1 22. h6 Rh3 $138 23. f3 $6 (23. hxg7 Rxe3 24.
gxf8=Q+ Kxf8 25. Rxe3 Ne6 26. Bh6+ Ke7 27. Rg3 Be4 28. f3 Bg6 $11) 23... Rxf3
24. Qd4 $4 (24. Qg1 Rxf4 25. Qxg2 (25. hxg7 Kxg7 26. Qxg2+ Kh8 27. Qc6 Ne6 28.
Qxb5 Rg8 29. Qd7 Rg2+ 30. Ke3 Rg3+ 31. Ke2 $11) 25... g6 26. Qc6 Ne6 27. Rxe6
fxe6 28. Qxc7 $11) 24... Rd3+ 25. Qxd3 Nxd3 26. cxd3 Rc8 27. Re3 Bd5 28. Rg3 g6
29. Bg5 Kf8 30. Re3 Be6 31. d4 d5 32. Re1 Ra8 33. Ke3 Ra2 34. Kf4 Rxb2 35. Ra1
Ke8 (35... f6 $1 36. Bxf6 Rf2+ 37. Ke5 Kf7 $19) 36. Ra8+ Kd7 37. Rh8 Rf2+ 38.
Kg3 Rc2 39. Rxh7 Rxc3+ 40. Kg2 Rh3 41. Rxf7+ Bxf7 42. Kxh3 Bg8 43. Kg4 b4 44.
Bd2 b3 45. Bc3 Ke6 46. Kg5 Bh7 47. Bb2 c5 0-1